| 000 | 00735 a2200253 4500 | ||
|---|---|---|---|
| 999 |
_c200130225 _d31038 |
||
| 001 | 200130225 | ||
| 003 | TR-AnTOB | ||
| 005 | 20200622131353.0 | ||
| 008 | 130812b tu 000 0 | ||
| 020 | _a9789754650044 | ||
| 040 |
_aTR-AnTOB _cTR-AnTOB |
||
| 041 | _atur | ||
| 050 |
_aHQ784.I58 _bT87 2013 |
||
| 090 | _aHQ784.I58 T87 2013 | ||
| 100 |
_aTemür, Nuri _992182 |
||
| 245 | 1 | 0 |
_aTürkiye’de Güvenli İnternet / _cNuri Temür. |
| 264 | 1 |
_aAnkara: _bNoterler Birliği Yayıncılık, _c2013 |
|
| 300 |
_a139 s. : _bşkl. ; _c24 cm. |
||
| 490 | 0 | _aTürkiye Noterler Birliği Yayınları | |
| 650 | 0 | 7 |
_aİnternet ve çocuklar _2etuturkob _992183 |
| 650 | 0 | 0 |
_aInternet and children _992184 |
| 942 |
_cBK _2lcc |
||